Essentials of the finite element method : (Record no. 23175)
[ view plain ]
| 000 -LEADER | |
|---|---|
| fixed length control field | 02139cam a22003495a 4500 |
| 001 - CONTROL NUMBER | |
| control field | 017438637 |
| 003 - CONTROL NUMBER IDENTIFIER | |
| control field | Uk |
| 005 - DATE AND TIME OF LATEST TRANSACTION | |
| control field | 20201128024008.0 |
| 006 - FIXED-LENGTH DATA ELEMENTS--ADDITIONAL MATERIAL CHARACTERISTICS--GENERAL INFORMATION | |
| fixed length control field | m || d | |
| 007 - PHYSICAL DESCRIPTION FIXED FIELD--GENERAL INFORMATION | |
| fixed length control field | cr ||||||||||| |
| 008 - FIXED-LENGTH DATA ELEMENTS--GENERAL INFORMATION | |
| fixed length control field | 150629s2015 enka fr 001|0|eng|d |
| 015 ## - NATIONAL BIBLIOGRAPHY NUMBER | |
| National bibliography number | GBB592198 |
| Source | bnb |
| 020 ## - INTERNATIONAL STANDARD BOOK NUMBER | |
| International Standard Book Number | 0128023864 (pbk.) |
| 020 ## - INTERNATIONAL STANDARD BOOK NUMBER | |
| Cancelled/invalid ISBN | 9780128023860 (pbk.) |
| 040 ## - CATALOGING SOURCE | |
| Original cataloging agency | StDuBDS |
| Language of cataloging | eng |
| Transcribing agency | StDuBDS |
| Modifying agency | Uk |
| -- | Uk |
| -- | EG-ScBUE |
| Description conventions | pn |
| 082 04 - DEWEY DECIMAL CLASSIFICATION NUMBER | |
| Edition number | 22 |
| Classification number | 620.1 |
| Item number | PAV |
| 100 1# - MAIN ENTRY--PERSONAL NAME | |
| Personal name | Pavlou, Dimitrios G. |
| 9 (RLIN) | 41663 |
| 245 10 - TITLE STATEMENT | |
| Title | Essentials of the finite element method : |
| Remainder of title | for mechanical and structural engineers / |
| Statement of responsibility, etc | Dimitrios G. Pavlou. |
| 260 ## - PUBLICATION, DISTRIBUTION, ETC. (IMPRINT) | |
| Place of publication, distribution, etc | London : |
| Name of publisher, distributor, etc | Academic Press / Elsevier Inc., |
| Date of publication, distribution, etc | c.2015. |
| 300 ## - PHYSICAL DESCRIPTION | |
| Extent | xv, 484 p. : |
| Other physical details | col. ill. ; |
| Dimensions | 24 cm. |
| 500 ## - GENERAL NOTE | |
| General note | Index : p. 479-484. |
| 504 ## - BIBLIOGRAPHY, ETC. NOTE | |
| Bibliography, etc | Includes bibliographical references. |
| 505 0# - FORMATTED CONTENTS NOTE | |
| Formatted contents note | Overview of the finite element method FEM -- Mathematical Background -- Linear Spring Elements -- Bar Elements and hydraulic networks -- Trusses -- Beams -- Frames -- The Principle of Minimum Potential Energy for 1D Elements -- From Ideal to Real Plane Structural Elements: Elasticity Equations for 2D and 3D Solids -- The Principle of Minimum Potential Energy for 2D and 3D Elements -- Structural Dynamics -- Heat Transfer. |
| 520 ## - SUMMARY, ETC. | |
| Summary, etc | Fundamental coverage, analytic mathematics, and up-to-date software applications are hard to find in a single text on the finite element method (FEM). Dimitrios Pavlou's Essentials of the Finite Element Method: For Structural and Mechanical Engineers makes the search easier by providing a comprehensive but concise text for those new to FEM, or just in need of a refresher on the essentials. Essentials of the Finite Element Method explains the basics of FEM, then relates these basics to a number of practical engineering applications. Specific topics covered include linear spring elements, |
| 590 ## - LOCAL NOTE (RLIN) | |
| Local note | Wessam |
| 650 #7 - SUBJECT ADDED ENTRY--TOPICAL TERM | |
| Topical term or geographic name as entry element | Finite element method. |
| Source of heading or term | BUEsh |
| 9 (RLIN) | 2126 |
| 650 #7 - SUBJECT ADDED ENTRY--TOPICAL TERM | |
| Topical term or geographic name as entry element | Finite element method |
| General subdivision | Computer programs. |
| Source of heading or term | BUEsh |
| 9 (RLIN) | 41662 |
| 650 #7 - SUBJECT ADDED ENTRY--TOPICAL TERM | |
| Topical term or geographic name as entry element | Numerical analysis. |
| 9 (RLIN) | 465 |
| 651 ## - SUBJECT ADDED ENTRY--GEOGRAPHIC NAME | |
| Source of heading or term | BUEsh |
| 653 ## - INDEX TERM--UNCONTROLLED | |
| Resource For college | Engineering, General |
| Arrived date list | November2016 |
| 942 ## - ADDED ENTRY ELEMENTS (KOHA) | |
| Source of classification or shelving scheme | Dewey Decimal Classification |
| Edition | 22 |
| Call number prefix | 620.1 PAV |
| Withdrawn status | Item status | Source of classification or shelving scheme | Damaged status | Not for loan | Home library | Current library | Shelving location | Date acquired | Source of acquisition | Cost, normal purchase price | Serial Enumeration / chronology | Total Checkouts | Total Renewals | Full call number | Barcode | Date last seen | Date last borrowed | Cost, replacement price | Koha item type |
|---|---|---|---|---|---|---|---|---|---|---|---|---|---|---|---|---|---|---|---|
| Dewey Decimal Classification | Central Library | Central Library | First floor | 17/11/2016 | Purchase | 1235.00 | 25845 | 1 | 1 | 620.1 PAV | 000034484 | 15/07/2025 | 22/04/2017 | 1603.75 | Book - Borrowing |